00860nam a2200241Ia 4500003000400000005001700004008004100021020001500062040001800077041000800095082002100103100003000124245007300154250001200227260004900239300002300288650004300311650002800354650002300382942003000405999001900435952016400454OSt20240607103306.0210716s2005 xx 000 0 und d a8178815451 cAIMIT LIBRARY aeng a374.22 21bRAON aRao, N Janardhan.9169607 aIndia : bemerging economic powerhouse /cEdited by N Janardhan Rao. a1st ed. aHyderabad :bICFAI University Press ,c2005. a233p. ;bPBc23 cm aEconomic powerhouse the issues9169608 aEmerging trends9169609 aChallenges9169610 2ddccBKe1stk374.22 RAON c199662d199662 00102ddc40708MBAaAIMITbAIMITd2005-11-15g300.00iBill no:IP/MG-I/002/10/05; Bill l0o374.22 RAONpMBA02227r2026-05-23 00:00:00v225.00w2021-07-16yBK